000 00382nam a2200145Ia 4500
008 210210b1974 xxu||||| |||| 00| 0 eng d
020 _a0 7069 0334 X
082 _a305.43 KAPC
100 _aKAPUR (Promilla).
245 _aChanging status of the working women in India.
260 _aDelhi
_bVikas Publishing.
_c1974
300 _a178
690 _aWomen Studies
906 _a031879
999 _c82994
_d82994